000 00500nam a2200181Ia 4500
001 14028
005 20260306164844.0
008 260306t2019||||xx |||||||||||||| ||spa||
041 _aESP
082 _a005.82
_bS21
100 _aSancho López, Marina
_eAUT
245 0 _aLa protección de datos en el Reino Unido:
_bevolución del right to privacy y escenarios post-brexit
260 _c2019
300 _a295 páginas :
_c22 cm.
650 _aGEN
654 _aCCC
942 _cLIB
_dJUS
_fJUS
_2ddc
_n
999 _c14028
_d14028